عرض عادي
عرض مارك
- Windle, Kevin,
مدخل إسم شخص
001 - رقم الضبط
- حقل الضبط: 57064
003 - معرف رقم الضبط
- حقل الضبط: OSt
005 - تاريخ ووقت أخر عملية
- حقل الضبط: 20161205092915.0
008 - عناصر بيانات ثابتة الطول
- حقل تحكم ثابت الطول: 161205|| aca||aabn | a|a d
040 ## - مصدر الفهرسة
- هيئة الفهرسة الأصلية: OSt
- وكالة الكتابة: OSt
100 ## - مدخل -- أسم شخص
- إسم شخص: Windle, Kevin,
- تواريخ مرتبطة بالاسم: 1947-
670 ## - بيانات المصدر موجوده
- الاستشهاد بالمصدر: Work cat.: (OSt)0: The Oxford handbook of translation studies /
